| 000 | 00572cam a2200241ua 4500 | ||
|---|---|---|---|
| 020 | _c60.00 | ||
| 041 |
_aeng _h |
||
| 082 |
_a541.3 _bSON/TE |
||
| 100 | _aSony, P.L. | ||
| 245 |
_aText book of physical chemistry / _cP.L Sony. _hTextual Documents |
||
| 250 |
_a16 / _b. |
||
| 260 |
_aNew Delhi : _bS.Chand & Sons , _c1985. |
||
| 300 | _a2524 ; . | ||
| 365 | _a60.00 | ||
| 504 | _a | ||
| 700 | 1 | _aDharmarha, O.P. | |
| 942 | _cBK | ||
| 999 |
_c7609 _d7609 |
||